DID MOSCOW PLAY FRAUD ON MARX ? (Record no. 28770)
[ view plain ]
| 000 -LEADER | |
|---|---|
| fixed length control field | 00261nam a22001217a 4500 |
| 003 - CONTROL NUMBER IDENTIFIER | |
| control field | SGT |
| 082 ## - DEWEY DECIMAL CLASSIFICATION NUMBER | |
| Classification number | 954 |
| Item number | D07S |
| 100 ## - MAIN ENTRY--PERSONAL NAME | |
| Personal name | SWARUP, DEVENDRA |
| 245 ## - TITLE STATEMENT | |
| Title | DID MOSCOW PLAY FRAUD ON MARX ? |
| 260 ## - PUBLICATION, DISTRIBUTION, ETC. (IMPRINT) | |
| Name of publisher, distributor, etc | HISTORIANS FORUM |
| Year of Publication | 2007 |
| 300 ## - PAGE DESCRIPTION | |
| No. of Pages | 111 |
| 942 ## - ADDED ENTRY ELEMENTS (KOHA) | |
| Source of classification or shelving scheme | Dewey Decimal Classification |
| Koha item type | Books |
| Withdrawn status | Lost status | Source of classification or shelving scheme | Damaged status | Not for loan | Home library | Current library | Shelving location | Date acquired | Cost, normal purchase price | SGTU | Full call number | Accession No. (Barcode) | Date last seen | Bill Date | Koha item type | Total Checkouts |
|---|---|---|---|---|---|---|---|---|---|---|---|---|---|---|---|---|
| Dewey Decimal Classification | Not For Loan | SGT Chancellor's Library | SGT Chancellor's Library | Reference Book | 09/01/2025 | 499.00 | SGTU | 070 D07S | CH1618 | 09/01/2025 | 09/01/2025 | Books | ||||
| Dewey Decimal Classification | Not For Loan | SGT Chancellor's Library | SGT Chancellor's Library | Reference Book | 09/01/2025 | 499.00 | SGTU | 070 D07S | CH1619 | 09/01/2025 | 09/01/2025 | Books | ||||
| Dewey Decimal Classification | Not For Loan | SGT Chancellor's Library | SGT Chancellor's Library | Reference Book | 09/01/2025 | 499.00 | SGTU | 954 D07S | CH1620 | 09/01/2025 | 09/01/2025 | Books | ||||
| Dewey Decimal Classification | Not For Loan | SGT Chancellor's Library | SGT Chancellor's Library | Reference Book | 11/01/2025 | 50.00 | SGTU | 954 D07S | CH1702 | 11/01/2025 | 11/01/2025 | Books | ||||
| Dewey Decimal Classification | Not For Loan | SGT Chancellor's Library | SGT Chancellor's Library | Reference Book | 11/01/2025 | 50.00 | SGTU | 954 D07S | CH1703 | 11/01/2025 | 11/01/2025 | Books | ||||
| Dewey Decimal Classification | Not For Loan | SGT Chancellor's Library | SGT Chancellor's Library | Reference Book | 11/01/2025 | 50.00 | SGTU | 954 D07S | CH1704 | 11/01/2025 | 11/01/2025 | Books |